Central Library OPAC University of Rajshahi

হে বৃদ্ধ সময় / (Record no. 74317)

MARC details
000 -LEADER
fixed length control field 00861nam a2200253 a 4500
001 - CONTROL NUMBER
control field 74317
003 - CONTROL NUMBER IDENTIFIER
rucl marc code BD-RjUL
005 - DATE AND TIME OF LATEST TRANSACTION
control field 20211209082533.0
008 - FIXED-LENGTH DATA ELEMENTS--GENERAL INFORMATION
fixed length control field 180704s2017 b a|||| |||| 00| 0dben d
020 ## - INTERNATIONAL STANDARD BOOK NUMBER
International Standard Book Number 9789849240266
Terms of availability Tk.200.00
035 ## - SYSTEM CONTROL NUMBER
System control number (BD-RjUL)74535
040 ## - CATALOGING SOURCE
Original cataloging agency BD-RjUL
Language of cataloging eng
Transcribing agency BD-RjUL
041 ## - LANGUAGE CODE
Language code of text/sound track or separate title ben
082 ## - DEWEY DECIMAL CLASSIFICATION NUMBER
Edition number 23
Classification number 891.44092
Author mark and year HAH 2017
100 1# - MAIN ENTRY--PERSONAL NAME
Personal name হক, সৈয়দ শামসুল
9 (RLIN) 221634
245 10 - TITLE STATEMENT
Title হে বৃদ্ধ সময় /
Statement of responsibility, etc. সৈয়দ শামসুল হক
260 ## - PUBLICATION, DISTRIBUTION, ETC. (IMPRINT)
Place of publication, distribution, etc. ঢাকা ঃ
Name of publisher, distributor, etc. প্রথমা ,
Date of publication, distribution, etc. ২০১৭
300 ## - PHYSICAL DESCRIPTION
Pagination ৯৫ পৃ. ঃ
Illustrations চিত্র ;
Size ২২ সেমি.
600 ## - SUBJECT ADDED ENTRY--PERSONAL NAME
Personal name হক, সৈয়দ শামসুল
Personal name Haq, Syed Shamsul
650 ## - SUBJECT ADDED ENTRY--TOPICAL TERM
Topical term or geographic name as entry element জীবনী
9 (RLIN) 221636
Topical term or geographic name as entry element Biography
9 (RLIN) 221637
942 ## - ADDED ENTRY ELEMENTS (KOHA)
Source of classification or shelving scheme Dewey Decimal Classification
Koha item type Books
Holdings
Lost status Source of classification or shelving scheme Damaged status Not for loan Collection code Permanent Location Current Location Shelving location Date acquired Source of acquisition Cost, normal purchase price Total Checkouts Full call number Date last seen Copy number Koha item type Total Renewals Date checked out
  Dewey Decimal Classification   Not For Loan Non-fiction Central Library, University of Rajshahi Central Library, University of Rajshahi Reading Room 12/03/2017 Rajshahi Viddasagar 200.00   B 891.44092 HAH 2017 04/07/2018 C-1 Books    
  Dewey Decimal Classification     Non-fiction Central Library, University of Rajshahi Central Library, University of Rajshahi   12/03/2017 Rajshahi Viddasagar 200.00 2 B 891.44092 HAH 2017 13/10/2019 C-2 Books 1 15/09/2019
  Dewey Decimal Classification     Non-fiction Central Library, University of Rajshahi Central Library, University of Rajshahi   12/03/2017 Rajshahi Viddasagar 200.00 2 B 891.44092 HAH 2017 06/12/2018 C-3 Books   04/12/2018